000 00620nam a2200181Ia 4500
005 20250423094906.0
008 250422s9999 xx 000 0 und d
020 _a9781032233765
050 _aHC 79 .C3 .A35/
100 _aAdler, John O.
245 0 _aContracting for design and construction services in the public sector
260 _aNew York
260 _bRoutledge
260 _c2024
300 _axiv, 288p.: ill.
650 _a Public works--United States--Planning. Government purchasing--United States. Construction projects--United States--Planning. Construction industry--United States.
942 _cBK
999 _c28609
_d28609